000 00447nam a22001697a 4500
005 20180203152417.0
008 160429b xxu||||| |||| 00| 0 eng d
020 _a81-7808595-X
041 _aeng
082 _b00752
_a004.65
100 _aSubramaniam, Mani
_9210
245 _aNetwork Management: Principles and Practice
260 _aNew Delhi
_bPearson Education,
_c2005
300 _a644
650 _aInformation Technology
_9137
942 _cBK
999 _c232
_d232